000 00870nam a22001937a 4500
005 20241128145910.0
010 _aB-761325
020 _a9789392998744
_c375.00
035 _aB-761325
037 _bउपहार
082 _a
100 _aप्रकाश मनु
_974268
245 _aचिड़ियाघर में चुनमुन /
_cप्रकाश मनु
260 _aदिल्ली
_bनयी किताब प्रकाशन
_c2023
270 _a1/1829,ग्राउंड फ्लोर,पंचशील गार्डन,नवीन शाहदरा,
_bदिल्ली
_e110032
300 _a120 पृ:
_b24 सेमी(सजिल्द)
_cसचित्र
942 _2ddc
_cCH
_h
_mप्रकाश
999 _c207123
_d207123